Deflácia sa do maastrichtského kritéria nezapočítava

Viceguvernérka Národnej banky Slovenska Elena Kohútiková sa vyjadruje ku kritike politiky centrálnej banky, ktorú vyvolala analýza Slovenskej sporiteľne Boj proti silnej korune vážne ohrozuje prijatie eura.

Salvato in:
Dettagli Bibliografici
Autore principale: Kohútiková, Elena
Natura: Capitolo di libro
Lingua:slovacco
Soggetti:
Tags: Aggiungi Tag
Nessun Tag, puoi essere il primo ad aggiungerne!!

MARC

LEADER 00000naa$a2200000$$$4500
001 0024731
005 20231004125429.4
041 0 |a slo 
044 |a SK 
245 1 0 |a Deflácia sa do maastrichtského kritéria nezapočítava  |c Elena Kohútiková 
520 |a Viceguvernérka Národnej banky Slovenska Elena Kohútiková sa vyjadruje ku kritike politiky centrálnej banky, ktorú vyvolala analýza Slovenskej sporiteľne Boj proti silnej korune vážne ohrozuje prijatie eura. 
610 2 0 |a Slovensko 
610 2 0 |a banky centrálne 
610 2 0 |a inflácia 
610 2 0 |a kurz menový rovnovážny 
610 2 0 |a reštrukturalizácia 
610 2 0 |a zmeny technologické 
610 2 0 |a konkurencieschopnosť 
610 2 0 |a hladina cenová 
610 2 0 |a vyrovnanie 
610 2 0 |a stabilita cien 
100 1 |a Kohútiková, Elena